Statistics for Cities on the Baltic Sea by a Clue

Click here to take the quiz!

General Stats

  • This quiz has been taken 388 times
  • The average score is 12 of 20

Answer Stats

ClueLetterCity% Correct
Was founded by Russia's Peter the GreatSSaint Petersburg
99%
Has an autonomous hippie-neighborhood named "Christiania"CCopenhagen
93%
Former free city known to the Germans as DanzigGGdańsk
92%
In 2011, the British magazine Monocle ranked it the world's most liveable cityHHelsinki
91%
Is connected to the above via the "Øresund Bridge"MMalmö
90%
Located 80 kilometres south of the aboveTTallinn
89%
Birger Jarl is traditionally attributed to have founded it around 1250SStockholm
81%
Has the largest collection of buildings built in the Art Nouveau styleRRiga
78%
Was known by the name "Königsberg" when under Prussian ruleKKaliningrad
75%
Considered to be the oldest city in FinlandTTurku
56%
Most populous city in northern FinlandOOulu
52%
It was historically the main port of East GermanyRRostock
51%
Namesake of the canal that connects the Baltic Sea to the North SeaKKiel
47%
Was the main and founding city of the Hanseatic LeagueLLübeck
44%
Main port of LithuaniaKKlaipėda
37%
Biggest city in GotlandVVisby
37%
Swedish city that was the site a 1397 treaty joining Denmark, Sweden,
and Norway under one king
KKalmar
35%
Most populous city in northern SwedenUUmeå
34%
Estonian resort known for its 19th-century timber villas and beachesPPärnu
26%
Main city of Finland's "Åland Islands"MMariehamn
22%

Score Distribution

Percentile by Number Answered

Percent of People with Each Score

Your Score History

You have not taken this quiz